|
|
|
|
| LEADER |
01182nam a2200385 4500 |
| 001 |
DLU090084131 |
| 005 |
##20091103 |
| 008 |
##850522s1985 si a b 001 0 eng |
| 010 |
# |
# |
|a 85011849
|
| 020 |
# |
# |
|a 9971966697
|
| 035 |
# |
# |
|9 (DLC) 85011849
|
| 040 |
# |
# |
|a DLC
|c DLC
|d DLC
|
| 050 |
# |
# |
|a Z286.S4
|b B73 1985
|
| 082 |
# |
# |
|a 070.5
|b R-T
|
| 100 |
# |
# |
|a Braun, Tibor.
|
| 245 |
# |
# |
|a Scientometric indicators :
|b a 32 country comparative evaluation of publishing performance and citation impact /
|c Tibor Braun, Wolfgang Glänzel, András Schubert.
|
| 260 |
# |
# |
|a Singapore ;
|a Philadelphia :
|b World Scientific,
|c c1985.
|
| 300 |
# |
# |
|a vii, 424 p. :
|b ill. ;
|c 23 cm.
|
| 500 |
# |
# |
|a Includes index.
|
| 504 |
# |
# |
|a Bibliography: p. 416-423.
|
| 650 |
# |
# |
|a Bibliographical citations
|x Evaluation.
|
| 650 |
# |
# |
|a Science indicators.
|
| 650 |
# |
# |
|a Science publishing
|x Evaluation.
|
| 700 |
# |
# |
|a Glänzel, Wolfgang.
|
| 700 |
# |
# |
|a Schubert, András.
|
| 923 |
# |
# |
|a 12/2009
|
| 992 |
# |
# |
|a 13000
|
| 994 |
# |
# |
|a DLU
|
| 900 |
# |
# |
|a True
|
| 911 |
# |
# |
|a Đào Thị Thu Huyền
|
| 925 |
# |
# |
|a G
|
| 926 |
# |
# |
|a A
|
| 927 |
# |
# |
|a SH
|
| 980 |
# |
# |
|a Thư viện Trường Đại học Đà Lạt
|